[Event "IECG WC.2003.S.00009 email"]
[Site "IECG email"]
[Date "2001.04.01"]
[Round "?"]
[White "Deschamp, Guy"]
[Black "Kuchle, Wolfgang"]
[Result "1-0"]
[WhiteElo "2275"]
[BlackElo "2141"]
[PlyCount "43"]
[EventDate "2001.04.01"]
[EventType "tourn (corr)"]
[EventRounds "8"]
[SourceTitle "Corr 2008"]
[Source "ChessBase"]
[SourceDate "2008.06.24"]
[SourceVersion "1"]
[SourceVersionDate "2008.06.24"]
[SourceQuality "1"]

1. e4 c6 2. d4 d5 3. exd5 cxd5 4. c4 Nf6 5. Nc3 e6 6. Nf3 Bb4 7. cxd5 Nxd5 8. Bd2 Nc6 9. Bd3 0-0 10. 0-0 Be7 11. a3 Bf6 12. Be3 g6 13. Qd2 b6 14. Bh6 Re8 15. Nxd5 exd5 16. Rfe1 Re6 17. Qf4 Bh8 18. Bb5 Rxe1+ 19. Rxe1 Bb7 20. Ne5 Nxe5 21. Rxe5 Qf6 22. Qg3 1-0

[Event "IECG WC.2003.S.00009 email"]
[Site "IECG email"]
[Date "2001.04.01"]
[Round "?"]
[White "Kuchle, Wolfgang"]
[Black "Pijl, Richard"]
[Result "1/2-1/2"]
[WhiteElo "2141"]
[BlackElo "2047"]
[PlyCount "41"]
[EventDate "2001.04.01"]
[EventType "tourn (corr)"]
[EventRounds "8"]
[SourceTitle "Corr 2008"]
[Source "ChessBase"]
[SourceDate "2008.06.24"]
[SourceVersion "1"]
[SourceVersionDate "2008.06.24"]
[SourceQuality "1"]

1. c4 Nf6 2. g3 e5 3. Bg2 c6 4. d4 exd4 5. Qxd4 d5 6. cxd5 cxd5 7. Nf3 Nc6 8. Qa4 Bc5 9. 0-0 0-0 10. Bg5 Re8 11. e3 h6 12. Bxf6 Qxf6 13. Nc3 Be6 14. Rad1 Red8 15. Qb5 Qe7 16. Nd4 Nxd4 17. exd4 Bb6 18. Rfe1 Qd7 19. Qb3 Qc6 20. Re3 Qc4 21. Qxc4 1/2-1/2